<?xml version="1.0" encoding="UTF-8"?><?xml-stylesheet type="text/xsl" href="static/style.xsl"?><OAI-PMH xmlns="http://www.openarchives.org/OAI/2.0/" xmlns:xsi="http://www.w3.org/2001/XMLSchema-instance" xsi:schemaLocation="http://www.openarchives.org/OAI/2.0/ http://www.openarchives.org/OAI/2.0/OAI-PMH.xsd"><responseDate>2026-04-13T18:26:02Z</responseDate><request verb="GetRecord" identifier="oai:www.recercat.cat:10256/8226" metadataPrefix="marc">https://recercat.cat/oai/request</request><GetRecord><record><header><identifier>oai:recercat.cat:10256/8226</identifier><datestamp>2024-06-14T10:00:51Z</datestamp><setSpec>com_2072_452955</setSpec><setSpec>com_2072_2054</setSpec><setSpec>col_2072_453067</setSpec></header><metadata><record xmlns="http://www.loc.gov/MARC21/slim" xmlns:dcterms="http://purl.org/dc/terms/" xmlns:xsi="http://www.w3.org/2001/XMLSchema-instance" xmlns:doc="http://www.lyncode.com/xoai" xsi:schemaLocation="http://www.loc.gov/MARC21/slim http://www.loc.gov/standards/marcxml/schema/MARC21slim.xsd">
   <leader>00925njm 22002777a 4500</leader>
   <datafield ind2=" " ind1=" " tag="042">
      <subfield code="a">dc</subfield>
   </datafield>
   <datafield ind2=" " ind1=" " tag="720">
      <subfield code="a">García Jiménez, Gustavo</subfield>
      <subfield code="e">author</subfield>
   </datafield>
   <datafield ind2=" " ind1=" " tag="720">
      <subfield code="a">Vivó Codina, David</subfield>
      <subfield code="e">author</subfield>
   </datafield>
   <datafield ind2=" " ind1=" " tag="260">
      <subfield code="c">2003</subfield>
   </datafield>
   <datafield ind2=" " ind1=" " tag="520">
      <subfield code="a">We present in this work a couple of weapons and objects related to the military equipment of early VIII century from two sites on Girona's province: the castellum of Sant Julià de Ramis (in the municipality of the same name), and the fort of Puig Rom (in Roses). The comparation of these materials has permitted to recompose a quite complete panoply with various types of knives and daggers, shield-handles, axes, spearheads and javelinheads, tips (regatones), arrowheads, belt-buckles and some buckles and horse harness elements</subfield>
   </datafield>
   <datafield ind2=" " ind1=" " tag="520">
      <subfield code="a">Presentamos en este trabajo un conjunto de armas y objetos relacionados con el equipamiento militar de principios del siglo VIII procedente de dos yacimientos de la provincia de Girona: el castellum de Sant Julià de Ramis (en el municipio del mismo nombre), y el castro de Puig Rom (en Roses). El estudio comparado de estos materiales nos ha permitido recomponer una panoplia bastante completa que incluye varios tipos de cuchillos y puñales, manillas de escudo, hachas, puntas de lanza y jabalina, regatones, puntas de flecha, hebillas de cinturón y algunas hebillas y elementos de arnés de caballo</subfield>
   </datafield>
   <datafield ind1="8" ind2=" " tag="024">
      <subfield code="a">http://hdl.handle.net/10256/8226</subfield>
   </datafield>
   <datafield tag="653" ind2=" " ind1=" ">
      <subfield code="a">Sant Julià de Ramis (Catalunya) -- Arqueologia</subfield>
   </datafield>
   <datafield tag="653" ind2=" " ind1=" ">
      <subfield code="a">Sant Julià de Ramis (Catalonia) -- Antiquities</subfield>
   </datafield>
   <datafield tag="653" ind2=" " ind1=" ">
      <subfield code="a">Excavacions arqueològiques -- Catalunya -- Girona (Província)</subfield>
   </datafield>
   <datafield tag="653" ind2=" " ind1=" ">
      <subfield code="a">Excavations (Archaeology) -- Catalonia -- Girona (Province)</subfield>
   </datafield>
   <datafield tag="653" ind2=" " ind1=" ">
      <subfield code="a">Armes antigues -- Visigots -- S. VIII</subfield>
   </datafield>
   <datafield tag="653" ind2=" " ind1=" ">
      <subfield code="a">Old weapons -- Visigoths -- 8th century</subfield>
   </datafield>
   <datafield tag="653" ind2=" " ind1=" ">
      <subfield code="a">Roses (Catalunya) -- Arqueologia</subfield>
   </datafield>
   <datafield tag="653" ind2=" " ind1=" ">
      <subfield code="a">Roses (Catalonia) -- Antiquities</subfield>
   </datafield>
   <datafield ind2="0" ind1="0" tag="245">
      <subfield code="a">Sant Julià de Ramis y Puig Rom: dos ejemplos de yacimientos con armamento y equipamiento militar visigodo en el noreste peninsular</subfield>
   </datafield>
</record></metadata></record></GetRecord></OAI-PMH>